Mitsuaki Iwago's Whales /

El autor, fotógrafo japonés, presenta una serie de fotografías espectaculares de ballenas en su habitat natural y en ruta de migración a tierras más cálidas. Este trabajo pretende promover la conciencia del cuidado de este mamífero en peligro de extinsión.

Gespeichert in:
Bibliographische Detailangaben
1. Verfasser: Iwago, Mitsuaki (autor)
Format: Buch
Sprache:Englisch
Veröffentlicht: San Francisco, EUA : Chronicle Books, 1994, c1994
Schlagworte:
Tags: Tag hinzufügen
Keine Tags, Fügen Sie das erste Tag hinzu!

MARC

LEADER 00000nam^a2200000^a^4500
001 000157624
005 20250521000000.0
009 20260310100546.06
020 |a 0-8118-0557-3 
037 |a Acervo ITESO - Biblioteca 
041 |a ING 
082 |a 599. 5  |b IWA 
100 |a Iwago, Mitsuaki  |e (autor) 
245 1 0 |a Mitsuaki Iwago's Whales /  |c M. Iwago ; introd. de Paul. H. Forestell 
264 4 |a San Francisco, EUA :  |b Chronicle Books,  |c 1994, c1994 
300 |a 1 v. (sin paginación) 
336 |a texto  |b txt  |2 rdacontenido 
337 |a sin mediación  |b n  |2 rdamedio 
338 |a volumen  |b nc  |2 rdasoporte 
520 |a El autor, fotógrafo japonés, presenta una serie de fotografías espectaculares de ballenas en su habitat natural y en ruta de migración a tierras más cálidas. Este trabajo pretende promover la conciencia del cuidado de este mamífero en peligro de extinsión. 
649 |a XX 
650 |a Fotógrafos Japoneses 
650 |a Ballenas 
650 |a Cetáceos 
650 |a Vertebrados 
650 |a Mamíferos 
650 |a Fauna Marina 
650 |a Especies en Peligro de Extinción 
650 |a Conservación y Protección Ambiental 
650 |a Zoología 
650 |a Biología 
650 |a Oceanografía 
650 |a Fotografía de Animales 
650 |a Fotografía de la Naturaleza 
650 |a Fotografía Japonesa 
650 |a Comunicación Visual -  |z Japón 
650 |a Iwago, Mitsuaki 
910 |a Fondo General 
920 |a Impresos - Libros 
930 |a Reserva Especial 
905 |a 103 
901 |a 0500087578  |b IT1  |c REE  |u 20250521 
902 |a https://opac.biblio.iteso.mx/vufind/Record/000157624